Most Streamed J. Cole Songs - Statistics

General Stats
  • This quiz has been taken 246 times
  • The average score is 9 of 20
Answer Stats
# Streams Answer % Correct
1 2,684,337,513 No Role Modelz
93%
2 1,477,697,790 Wet Dreamz
90%
4 1,194,368,515 Work Out
69%
7 752,070,960 She Knows
67%
3 1,456,423,706 MIDDLE CHILD
64%
9 541,664,791 Love Yourz
62%
5 819,086,571 Power Trip
59%
11 516,956,498 m y . l i f e
49%
8 614,601,800 G.O.M.D
40%
10 541,028,826 Neighbors
37%
18 412,902,672 p r i d e . i s . t h e . d e v i l
36%
20 379,501,020 KOD
35%
15 451,508,468 First Person Shooter
33%
14 454,618,297 Kevin's Heart
33%
16 449,251,134 Deja Vu
29%
6 815,041,638 The London
26%
19 407,187,688 Under The Sun
20%
17 428,839,603 All My Life
12%
12 490,965,986 Planez
6%
13 477,373,676 Pretty Little Fears
4%
No matching quizzes found
Score Distribution
Percent of People with Each Score
Percentile by Number Answered
Your Score History
You have not taken this quiz